Manitas trabajadoras : (Record no. 36260)

MARC details
000 -CABECERA
campo de control de longitud fija 00541nam a2200205 a 4500
005 - FECHA Y HORA DE LA ÚLTIMA TRANSACCIÓN
campo de control 20240924064540.0
008 - ELEMENTOS DE LONGITUD FIJA--INFORMACIÓN GENERAL
campo de control de longitud fija 991125s1984 mx 000 0 spa u
020 ## - NÚMERO INTERNACIONAL NORMALIZADO PARA LIBROS
Número Internacional Estándar del Libro 9686006184
035 ## - NÚMERO DE CONTROL DEL SISTEMA
Número de control de sistema UPN01000036260
049 ## - COLECCIÓN
Colección I
050 #4 - SIGNATURA TOPOGRÁFICA DE LA BIBLIOTECA DEL CONGRESO
Número de clasificación LB1195 I84
Número de documento/Ítem 1984
100 1# - ASIENTO PRINCIPAL--NOMBRE PERSONAL
Nombre de persona Yturbe de Aguilar, Magdalena
9 (RLIN) 31011
245 10 - MENCIÓN DE TÍTULO
Título Manitas trabajadoras :
Resto del título sección maternal
260 ## - PUBLICACIÓN, DISTRIBUCIÓN, ETC.
Lugar de publicación, distribución, etc. México :
Nombre del editor, distribuidor, etc. Avante,
Fecha de publicación, distribución, etc. 1984
300 ## - DESCRIPCIÓN FÍSICA
Extensión 48 p.
650 #4 - ASIENTO SECUNDARIO DE MATERIA - TERMINO TEMATICO
Término de materia o nombre geográfico como elemento de entrada Educación preescolar
9 (RLIN) 1517
904 ## - ELEMENTOS DE DATOS D LOCAL, LDD (RLIN)
a AC
b 036261
905 ## - TIPO DE MATERIAL
Tipo de material Infantil
Holdings
Estado de retiro Estado de pérdida Fuente del sistema de clasificación o colocación Estado dañado No para préstamo Código de colección Localización permanente Ubicación/localización actual Ubicación en estantería Fecha de adquisición Enumeración/cronología de publicación seriada Clasificación Código de barras Fecha visto por última vez Número de copia Tipo de ítem Koha Total de préstamos
    Library of Congress Classification   En proceso de revisión Infantil Bib. Gregorio Torres Quintero Bib. Gregorio Torres Quintero Sala infantil Planta baja 10/05/2023 - LB1195 I84 1984 20230f 31/12/2020 1 Libro  
    Library of Congress Classification   En proceso de revisión Infantil Bib. Gregorio Torres Quintero Bib. Gregorio Torres Quintero Sala infantil Planta baja 10/05/2023 - LB1195 I84 1984 20229f 31/12/2020 1 Libro  
    Library of Congress Classification   Coleccion Esp. Infantil Bib. Gregorio Torres Quintero Bib. Gregorio Torres Quintero Sala infantil Planta baja   - LB1195 I84 1984 20231f 31/12/2020 1 Libro